000
00330nam a2200145Ia 4500
008
230917s9999||||xx |||||||||||||| ||und||
040
_e
153556
_a
MAIN
041
_a
English
082
_a
294.12 S72R
100
_a
Raj, M. Sundar
245
0
_a
Rgvedic studies
260
_a
Madras
_b
ISIAC
_c
1983
300
_a
81p p.
942
_c
BK
999
_c
72143
_d
72143